Mini mechanics emergecy! / (Record no. 3328)

MARC details
000 -LEADER
fixed length control field 01241nam a22002777a 4500
001 - CONTROL NUMBER
control field 3328
003 - CONTROL NUMBER IDENTIFIER
control field FISKH
005 - DATE AND TIME OF LATEST TRANSACTION
control field 20250502094708.0
008 - FIXED-LENGTH DATA ELEMENTS--GENERAL INFORMATION
fixed length control field 240227b cb ||||| |||| 00| 0 eng d
020 ## - INTERNATIONAL STANDARD BOOK NUMBER
International Standard Book Number 9781848798847
040 ## - CATALOGING SOURCE
Original cataloging agency FISKH
Language of cataloging eng
Transcribing agency FISKH
Modifying agency FISKH
050 ## - LIBRARY OF CONGRESS CALL NUMBER
Classification number 629
100 ## - MAIN ENTRY--PERSONAL NAME
Personal name Bugbird, Tim
245 ## - TITLE STATEMENT
Title Mini mechanics emergecy! /
Statement of responsibility, etc. Written by Tim Bugbird and Jane Horne
260 ## - PUBLICATION, DISTRIBUTION, ETC.
Place of publication, distribution, etc. UK :
Name of publisher, distributor, etc. Make Believe Ideas Ltd ,
Date of publication, distribution, etc. 2011
300 ## - PHYSICAL DESCRIPTION
Extent 20 pages :
Other physical details color illustrations ;
Dimensions 21 cm .
505 ## - FORMATTED CONTENTS NOTE
Formatted contents note Q <br/>
520 ## - SUMMARY, ETC.
Summary, etc. Jointhe Mini Mechanics as they learn and discover more about the amazing world ofvehicles The Mini Mechanics are on hand to teach you all about theworld's toughest, strongest and most hardworking machines, including: Diggers and Dumpers, Tractor and Trucks, Mighty Machines and emergency vehicles in Fire Fire Each spread explores a mega machine at work, usingbright, bold photographic images and simple facts to satisfy every little one'scuriosity about things that go
521 8# - TARGET AUDIENCE NOTE
Target audience note 660 <br/>
Source Lexile <br/>
521 8# - TARGET AUDIENCE NOTE
Target audience note Q <br/>
Source Raz-Plus <br/>
600 ## - SUBJECT ADDED ENTRY--PERSONAL NAME
Source of heading or term vehicles
Form subdivision non-fiction
650 ## - SUBJECT ADDED ENTRY--TOPICAL TERM
Topical term or geographic name entry element transportation
Form subdivision non-fiction
700 ## - ADDED ENTRY--PERSONAL NAME
Personal name Horne, Jane
Relator term illustrator
942 ## - ADDED ENTRY ELEMENTS (KOHA)
Source of classification or shelving scheme Dewey Decimal Classification
Koha item type Books
Suppress in OPAC No
Holdings
Withdrawn status Lost status Source of classification or shelving scheme Damaged status Not for loan Collection Home library Current library Shelving location Date acquired Total Checkouts Full call number Barcode Date last seen Copy number Price effective from Koha item type
    Dewey Decimal Classification     Non-Fiction Footprints International School Library Network Toul Kork Campus Footprints International School Library Network Toul Kork Campus TK Primary Library Room(4th Floor), Bookcase 5&6, Shelves 33-56, Orange Books 05/02/2025   BUG 629 PZ7 2025-1136 05/02/2025 2 05/02/2025 Books
    Dewey Decimal Classification     Non-Fiction Footprints International School Library Network Toul Tom Poung Campus Footprints International School Library Network Toul Tom Poung Campus TTP Primary Orange Bookshelves 02/27/2024   BUG 629 FISBK073171 02/27/2024 1 02/27/2024 Books